000 00449nam a2200181Ia 4500
005 20240419105733.0
008 131103s9999 xx 000 0 und d
040 _aLoreto College
041 _aEnglish
082 _a425
_bMAT
100 _aMathur, Chandralekha
245 _aAdverbs
_cChandralekha Mathur
260 _aNew Delhi
_bLearners press
_c1996
300 _a48p.
_b ill.
650 _aEnglish language
850 _aLCBED
942 _cBK
999 _c27872
_d78351